| 000 | 00317nam a22001217a 4500 | ||
|---|---|---|---|
| 082 |
_a001 _bBUR/Q |
||
| 100 | _aBURNFORD, HELEN | ||
| 245 | _aQUESTION AND ANSWERS DINOSAURS | ||
| 246 |
_aQUESTION AND ANSWERS DINOSAURS _bQUESTION AND ANSWERS DINOSAURS |
||
| 260 |
_aCHINA _bBLUE BANANA _c1999 |
||
| 300 | _a16 | ||
| 942 | _cBK | ||
| 999 |
_c8533 _d8533 |
||